00928nam a2200193Ia 4500001001100000003001000011008004100021040002500062041001300087100002200100245008300122250001100205260010000216300001200316500012800328501011400456520012800570650003600698L200-53326IT-CnALBA170116s9999||||xx |||||||||||||| ||und|| aIT-CnALBAcIT-CnALBA aITALIANO aRAVASI GIANFRANCO 0aLA BIBBIA PER LA FAMIGLIA. VOL. VI. PROVERBI. QOHELET. CANTICO DEI CANTICI...  a1a ed. aCINISELLO BALSAMO (MI)bPERIODICI SAN PAOLO ED. c1996 [1° Ed.:1996 - Ed.Ling.Originale: 1996] a332 p.  a... SAPIENZA SIRACIDE. LIBRI SAPIENZIALI, POETICI. PROVERBI. NUOVISSIMA VERSIONE DELLA BIBBIA. ILLUSTRAZIONI DELLA BIBBIA.  aSocietà San Paolo EM - Piazza San Paolo, 14 - 12051 ALBA (CN) (non commercial uses only) ® Copyright 2017 a... SAPIENZA SIRACIDE. LIBRI SAPIENZIALI, POETICI. PROVERBI. NUOVISSIMA VERSIONE DELLA BIBBIA. ILLUSTRAZIONI DELLA BIBBIA.  aRELIGIONE - RELIGIONE CRISTIANA